LEADER 01744nam0 22004093i 450 001 IEI0095524 005 20251003044158.0 010 $a887284388X 100 $a19951103d1995 ||||0itac50 ba 101 | $aita 102 $ait 181 1$6z01$ai $bxxxe 182 1$6z01$an 183 1$6z01$anc$2RDAcarrier 200 1 $aContro lo statalismo$efederalismo e regionalismo$fLuigi Sturzo$ga cura di Luciana Dalu$gprefazione di Dario Antiseri 210 $aSoveria Mannelli$aMessina$cRubbettino$d1995 215 $a236 p.$d21 cm 225 | $aˆLa ‰politica$v4 410 0$1001IEI0095445$12001 $aˆLa ‰politica$v4 606 $aAUTONOMIA LOCALE$xSAGGI$2FIR$3MILC024503$9I 606 $aFederalismo$xTeorie$2FIR$3CFIC080362$9E 676 $a321.020945$9STATI FEDERALI. Italia$v20 676 $a321.020945$9STATI FEDERALI. Italia$v21 676 $a353.9$9AMMINISTRAZIONI REGIONALI ITALIANE$v21 696 $aMovimenti federalisti 699 $aFederalismo$yMovimenti federalisti 700 1$aSturzo$b, Luigi$3CFIV009591$4070$05694 702 1$aAntiseri$b, Dario$3CFIV002949 702 1$aDalu$b, Luciana$3IEIV042897 801 3$aIT$bIT-000000$c19951103 850 $aIT-BN0095 901 $bNAP 01$cPOZZO LIB.$nVi sono collocati fondi di economia, periodici di ingegneria e scienze, periodici di economia e statistica e altri fondi comprendenti documenti di economia pervenuti in dono. 912 $aIEI0095524 950 0$aBiblioteca Centralizzata di Ateneo$c1 v.$d 01POZZO LIB.ECON MON 4909$e 01C 0800203115E VMA 1 v. (Precedente collocazione: EC C 20 311)$fB $h20130322$i20130322 977 $a 01 996 $aContro lo statalismo$963717 997 $aUNISANNIO